000
00348nam a2200133 a 4500
005
20140412111423.0
008
080124s19uu xx 00 eng d
020
_a
971-518-093-3
050
_a
REF 030
_b
W893 2006
245
_a
The world almanac for kids 2006.
260
_a
New York :
_b
World almanac,
_c
2006.
300
_a
360p.
999
_c
106122
_d
106122